000 01750nam0a22002891 4500
001 rc\4748149
005 20260407041745.0
021 _aRU
_b[68-8209]
035 _a(NLR Aleph) 009008695
090 _a9353507
_c9353507
100 _a20130417d1967 |||y0rusy50 ca
101 0 _arus
102 _aRU
105 _aa z |||||
200 1 _aЭффективность шарошечного бурения взрывных скважин при подземной отбойке крепких руд
_eКраткий науч. отчет
_fНауч. руководитель проф. д-р техн. наук Д.М. Бронников
_gОтв. исполнитель канд. техн. наук М.В. Гагулин
_gМ-во угольной пром-сти СССР. Ин-т горного дела им. А.А. Скочинского. Лаборатория подземной разработки мощных рудных месторождений
210 _aМосква
_cБ. и.
_d1967
215 _a49 с.
_cил.
_d20
606 _aРуды
_xОтбойка подземная глубокими скважинами
_2psbo
606 _aБурение шарошечное
_xЭкономическая эффективность
_2psbo
702 1 _aБронников
_bД.М.
_gДмитрий Михайлович
_4570
702 1 _aГагулин
_bМ.В.
_4570
710 0 2 _aИнститут горного дела им. А.А.Скочинского
_cМосква
_bЛаборатория подземной разработки мощных рудных месторождений
_3RU\NLR\AUTH\8810013917
_9525746
801 0 _aRU
_bNLR
_gpsbo
801 1 _aRU
_bELAR
_2rusmarc
852 _aNLR
_j68-4/3556
942 _cBOOK
980 _aNB